<?xml version="1.0" encoding="UTF-8"?>
<record
    xmlns:xsi="http://www.w3.org/2001/XMLSchema-instance"
    xsi:schemaLocation="http://www.loc.gov/MARC21/slim http://www.loc.gov/standards/marcxml/schema/MARC21slim.xsd"
    xmlns="http://www.loc.gov/MARC21/slim">

  <leader>03740nam a2200421 a 4500</leader>
  <controlfield tag="001">000001987</controlfield>
  <controlfield tag="003">DO-SdBPM</controlfield>
  <controlfield tag="005">20260225075221.0</controlfield>
  <controlfield tag="007">ta</controlfield>
  <controlfield tag="008">090630s2007    dr       000 0 spa d</controlfield>
  <datafield tag="020" ind1=" " ind2=" ">
    <subfield code="a">9789945162059</subfield>
  </datafield>
  <datafield tag="040" ind1=" " ind2=" ">
    <subfield code="a">DO-SdBPM</subfield>
    <subfield code="b">spa</subfield>
    <subfield code="c">BPMSU </subfield>
    <subfield code="d">rda</subfield>
  </datafield>
  <datafield tag="082" ind1="0" ind2="4">
    <subfield code="a">791.43  </subfield>
    <subfield code="b">V439m 2007  </subfield>
    <subfield code="2">22</subfield>
  </datafield>
  <datafield tag="100" ind1=" " ind2=" ">
    <subfield code="a">Velleggia, Susana</subfield>
    <subfield code="e">autor</subfield>
    <subfield code="4">aut. </subfield>
  </datafield>
  <datafield tag="245" ind1="1" ind2="3">
    <subfield code="a">La m&#xE1;quina de la mirada :</subfield>
    <subfield code="b">los movimientos cinematogr&#xE1;ficos de ruptura y el cine pol&#xED;tico latinoamericano en las encrucijadas de la historia /</subfield>
    <subfield code="c">Susana Villeggia ; edici&#xF3;n Ya&#xED;ma Garc&#xED;a Oramas.</subfield>
  </datafield>
  <datafield tag="260" ind1=" " ind2=" ">
    <subfield code="c"> </subfield>
  </datafield>
  <datafield tag="264" ind1=" " ind2=" ">
    <subfield code="a">Santo Domingo :</subfield>
    <subfield code="b">Fundaci&#xF3;n del Nuevo Cine Latinoamericano,</subfield>
    <subfield code="c">2007</subfield>
  </datafield>
  <datafield tag="300" ind1=" " ind2=" ">
    <subfield code="a">410 p&#xE1;ginas  ;</subfield>
    <subfield code="c">24 cm.</subfield>
  </datafield>
  <datafield tag="336" ind1=" " ind2=" ">
    <subfield code="a">texto</subfield>
    <subfield code="b">txt</subfield>
    <subfield code="2">rdacontent</subfield>
  </datafield>
  <datafield tag="337" ind1=" " ind2=" ">
    <subfield code="a">sin mediaci&#xF3;n</subfield>
    <subfield code="b">n</subfield>
    <subfield code="2">rdamedia</subfield>
  </datafield>
  <datafield tag="338" ind1=" " ind2=" ">
    <subfield code="a">volumen</subfield>
    <subfield code="b">nc</subfield>
    <subfield code="2">rdacarrier</subfield>
  </datafield>
  <datafield tag="500" ind1=" " ind2=" ">
    <subfield code="a">Incluye referencias bibliogr&#xE1;ficas y notas al pie de las p&#xE1;ginas</subfield>
  </datafield>
  <datafield tag="504" ind1=" " ind2=" ">
    <subfield code="a">Bibliograf&#xED;a : p&#xE1;ginas 227-265</subfield>
  </datafield>
  <datafield tag="505" ind1="0" ind2=" ">
    <subfield code="a">Palabras preliminares / Pedro Rivera, 5.-- Introducci&#xF3;n, 11.-- El cine, de juguete maravilloso a industria, 23.-- Del imaginario a la imagen en movimiento, 25.-- Cine e imaginario moderno, 33.-- Cine y metr&#xF3;poli, 40.-- La dimensi&#xF3;n hist&#xF3;rica del cine, 43.-- Cine y cambio social, 48.-- De las vanguardias art&#xED;sticas a las masas, 48.-- Del poder de la imagen al poder del imaginario, 56.-- De la impronta de la realidad al mito del realismo absoluto. El cine en los conflictos de la historia, 63.-- La preocupaci&#xF3;n humana por el sentido de la realidad y el arte realista, 65.-- Entre la prudencia de la raz&#xF3;n y la desmesura del realismo, 68.-- La obsesi&#xF3;n por el realismo absoluto en el cine, 70.-- La ficci&#xF3;n realista del conflicto y los nuevos veros&#xED;miles, 73.-- La industria descubre que la realidad es redituable, 73.-- El cine sovi&#xE9;tico cl&#xE1;sico y el ideal de realismo revolucionario, 75.-- La problematizaci&#xF3;n del realismo de la mano de los movimientos de ruptura, 83.-- El neorrealismo italiano. La realidad hist&#xF3;rica como historia f&#xED;lmica, 89.-- El cine de autor franc&#xE9;s, crisis de la conciencia individual y crisis del sentido del mundo, 101.-- Las im&#xE1;genes buscan su imaginario en los conflictos de la historia, 115.-- El documental: continuidades y rupturas, 117.-- Los precursores, 117.-- El cine pol&#xED;tico y el cine pol&#xED;tico-militante, una aproximaci&#xF3;n conceptual, 129.-- La negaci&#xF3;n del veros&#xED;mil f&#xED;lmico por la apetencia de verdad, 136.-- Aires de renovaci&#xF3;n en las pantallas del mundo, los "nuevos cines", 143.-- Los movimientos contra-culturales de los 60, 143.-- Nuevos cines y cambio tecnol&#xF3;gico: las paradojas de la historia, 146.-- Una misi&#xF3;n peligrosa: el cine de intervenci&#xF3;n pol&#xED;tica en Am&#xE9;rica Latina, 171.-- Punto de partida, 173.-- Los primeros pasos, 180.-- El cine latinoamericano en la b&#xFA;squeda de su propia historia, 181.-- Principales aportes de la teor&#xED;a del cine en Am&#xE9;rica Latina, 189.-- Los conceptos de cine en juego, 200.-- Epilogo, 251.-- Bibliograf&#xED;a, 257.-- Anexos. Documentos del cine pol&#xED;tico latinoamericano (1967-1977), 267.</subfield>
  </datafield>
  <datafield tag="586" ind1=" " ind2=" ">
    <subfield code="a">Premio de Ensayo Sobre Cine Iberoamericano y el Caribe, 2007</subfield>
  </datafield>
  <datafield tag="590" ind1=" " ind2=" ">
    <subfield code="a">Inventariado, 2026/VM</subfield>
  </datafield>
  <datafield tag="650" ind1=" " ind2="7">
    <subfield code="a">Cinematograf&#xED;a  </subfield>
    <subfield code="x"> Historia</subfield>
    <subfield code="z">Am&#xE9;rica L&#xE1;tina</subfield>
  </datafield>
  <datafield tag="650" ind1=" " ind2="7">
    <subfield code="a">Cine</subfield>
    <subfield code="z">Am&#xE9;rica L&#xE1;tina</subfield>
    <subfield code="x">Aspectos pol&#xED;ticos</subfield>
  </datafield>
  <datafield tag="650" ind1=" " ind2="4">
    <subfield code="a">Cine</subfield>
    <subfield code="z">Am&#xE9;rica L&#xE1;tina</subfield>
    <subfield code="x">Aspectos sociales</subfield>
  </datafield>
  <datafield tag="650" ind1=" " ind2="7">
    <subfield code="a">Industria cinematogr&#xE1;fica</subfield>
  </datafield>
  <datafield tag="650" ind1="z" ind2=" ">
    <subfield code="a"> Motion picture industry</subfield>
  </datafield>
  <datafield tag="650" ind1="z" ind2=" ">
    <subfield code="a">Moving-picture industry</subfield>
  </datafield>
  <datafield tag="650" ind1="z" ind2=" ">
    <subfield code="a">Moving-picture industry</subfield>
  </datafield>
  <datafield tag="700" ind1="1" ind2=" ">
    <subfield code="a">Garc&#xED;a Oramas, Ya&#xED;ma,</subfield>
    <subfield code="e">editor </subfield>
  </datafield>
  <datafield tag="710" ind1="1" ind2=" ">
    <subfield code="a">Rep&#xFA;blica Dominicana.</subfield>
    <subfield code="b">Secretar&#xED;a de Estado de Cultura.</subfield>
  </datafield>
  <datafield tag="910" ind1=" " ind2=" ">
    <subfield code="a">VMateo V. Control de calidad. BPMSU </subfield>
  </datafield>
  <datafield tag="942" ind1=" " ind2=" ">
    <subfield code="2">ddc</subfield>
    <subfield code="c">BK</subfield>
  </datafield>
  <datafield tag="952" ind1=" " ind2=" ">
    <subfield code="0">0</subfield>
    <subfield code="1">0</subfield>
    <subfield code="2">ddc</subfield>
    <subfield code="7">0</subfield>
    <subfield code="8">CD</subfield>
    <subfield code="a">BPMET</subfield>
    <subfield code="b">BPMET</subfield>
    <subfield code="d">2026-02-25</subfield>
    <subfield code="l">0</subfield>
    <subfield code="o">BPMSU CD 791.43   V439m 2007  </subfield>
    <subfield code="p">BPMSU26020135</subfield>
    <subfield code="r">2026-02-25</subfield>
    <subfield code="w">2026-02-25</subfield>
    <subfield code="y">BK</subfield>
  </datafield>
  <datafield tag="999" ind1=" " ind2=" ">
    <subfield code="c">15732</subfield>
    <subfield code="d">15732</subfield>
  </datafield>
</record>
